000
00309nam a22001337a 4500
008
170828b xxu||||| |||| 00| 0 eng d
020
_a
2900312464195
041
_a
eng
080
_2
9 ED
_a
070
100
_a
39
101
_a
MED
245
_a
NEWS REPORTIMG AND WRITING
_c
PITTALUGA.B
942
_2
udc
_c
BK
999
_c
25176
_d
25176